[Event "8th Pfalz Open 2017"]
[Site "masterchessopen.com Neustadt an der Weinstrasse GER"]
[Date "2017.02.24"]
[Round "1.6"]
[White "Lieder,Christian"]
[Black "Deac,Bogdan-Daniel"]
[Result "0-1"]
[WhiteElo "2087"]
[BlackElo "2572"]

1.d4 Nf6 2.Nf3 g6 3.e3 Bg7 4.Be2 d5 5.O-O O-O 6.a4 c5 7.c3 Nc6 8.Nbd2 b6 9.b3
Qc7 10.Ba3 Rd8 11.Rc1 e5 12.dxc5 Be6 13.cxb6 Qxb6 14.b4 Bf8 15.a5 Qc7 16.Qa4
a6 17.Rfd1 Rdb8 18.Ra1 Bd7 19.Qb3 Nxa5 20.Qa2 Nc6 21.Nb3 e4 22.Nfd4 Ne5 23.Nc5
Bb5 24.h3 Bc4 25.Qd2 a5 26.f4 Bxe2 27.fxe5 Bxd1 28.exf6 axb4 29.cxb4 Ba4
30.Qf2 Be8 31.Ra2 Bxc5 {#R} 0-1

[Event "8th Pfalz Open 2017"]
[Site "masterchessopen.com Neustadt an der Weinstrasse GER"]
[Date "2017.02.24"]
[Round "1.7"]
[White "Kunin,V"]
[Black "Faas,D"]
[Result "1-0"]
[WhiteElo "2569"]
[BlackElo "2080"]

1.d4 Nf6 2.c4 g6 3.Nc3 d5 4.cxd5 Nxd5 5.e4 Nxc3 6.bxc3 Bg7 7.Nf3 c5 8.h3 O-O
9.Be2 Nc6 10.Be3 cxd4 11.cxd4 Qa5+ 12.Bd2 Qa3 13.d5 Ne5 14.Nxe5 Bxe5 15.O-O e6
16.Rb1 Qxa2 17.Bb4 Rd8 18.f4 Bd6 19.Bc3 Qa3 20.Rf3 exd5 21.Kh1 dxe4 22.Qd4
{#r} 1-0

[Event "8th Pfalz Open 2017"]
[Site "masterchessopen.com Neustadt an der Weinstrasse GER"]
[Date "2017.02.24"]
[Round "1.8"]
[White "Poghosyan,Tigran"]
[Black "Solodovnichenko,Y"]
[Result "0-1"]
[WhiteElo "2080"]
[BlackElo "2569"]

1.e4 g6 2.d4 d6 3.f3 c5 4.c3 Nd7 5.Be3 Bg7 6.Qd2 Ngf6 7.Bd3 O-O 8.Ne2 cxd4
9.cxd4 e5 10.d5 Nc5 11.Bc2 Bd7 12.Nbc3 a5 13.a4 Qb6 14.O-O Rfc8 15.Rfb1 h5
16.Nc1 Kh7 17.Kh1 Ng8 18.Nd3 Nb3 19.Bxb3 Qxb3 20.Rc1 Bh6 21.Ra3 Qb6 22.Bxb6
Bxd2 23.Rc2 Bg5 24.Re2 Rc4 25.Nb5 Bxb5 26.axb5 a4 27.Kg1 f5 28.exf5 gxf5 29.f4
Bxf4 30.b3 Re4 31.Rxe4 fxe4 32.Nxf4 axb3 33.Rxb3 exf4 34.Bc7 Nf6 35.Bxd6 Ra1+
36.Kf2 Ra2+ 37.Kf1 Nxd5 38.Bc5 Kg6 39.g3 f3 40.h3 Kf5 41.Bd4 Rd2 42.Bc5 Rc2
43.Bd4 Rc4 44.Ba7 b6 45.Kf2 Rc2+ 46.Kf1 e3 {#R} 0-1

[Event "8th Pfalz Open 2017"]
[Site "masterchessopen.com Neustadt an der Weinstrasse GER"]
[Date "2017.02.24"]
[Round "1.9"]
[White "Karpatchev,A"]
[Black "Reichstein,HJ"]
[Result "1-0"]
[WhiteElo "2513"]
[BlackElo "2077"]

1.e4 e5 2.Bc4 Nf6 3.d3 Be7 4.Nf3 d6 5.O-O O-O 6.Re1 Nc6 7.a4 b6 8.c3 Bb7
9.Nbd2 Ne8 10.Nf1 g6 11.Bh6 Ng7 12.Ne3 Qd7 13.d4 Rad8 14.Nd5 Kh8 15.Bb5 f6
16.Nb4 a5 17.d5 axb4 18.cxb4 Qg4 19.dxc6 Bc8 20.Nd2 Qh4 21.Bxg7+ Kxg7 22.a5
bxa5 23.bxa5 f5 24.Nf3 Qf4 25.Qe2 Bf6 26.a6 Be6 27.a7 Ra8 28.Ra4 fxe4 29.Qxe4
Qxe4 30.Rexe4 d5 31.Rxe5 Bxe5 32.Nxe5 d4 33.g3 Bb3 34.Ra3 Bc2 35.f4 Rfd8
36.Kf2 Rd5 37.Bc4 Rd6 38.Ke2 Be4 39.Kd2 Kf6 40.b4 g5 41.b5 gxf4 42.gxf4 Bf5
43.Nf7 Ke7 44.Nxd6 Kxd6 45.Bd3 Bxd3 46.Kxd3 Kc5 47.f5 Kxb5 48.f6 Kxc6 49.f7
Kb7 50.Rb3+ {#r} 1-0

[Event "8th Pfalz Open 2017"]
[Site "masterchessopen.com Neustadt an der Weinstrasse GER"]
[Date "2017.02.24"]
[Round "1.11"]
[White "Nestorovic,N"]
[Black "Schallner,Marc"]
[Result "1-0"]
[WhiteElo "2495"]
[BlackElo "2073"]

1.e4 e5 2.Nf3 Nc6 3.Bb5 a6 4.Ba4 Nf6 5.d3 b5 6.Bb3 Be7 7.Nc3 d6 8.a3 O-O 9.O-O
Bg4 10.Be3 Qd7 11.h3 Bh5 12.Nd5 Na5 13.Ba2 Nxd5 14.Bxd5 c6 15.Ba2 Kh8 16.Nxe5
Qxh3 17.Nxf7+ Rxf7 18.gxh3 Bxd1 19.Bxf7 Bxc2 20.b4 Rf8 21.Ba2 Nb7 22.Rac1 Bxd3
23.Rxc6 Bxe4 24.Rc7 Bd8 25.Rc8 d5 26.Bb6 Be7 27.Rxf8+ Bxf8 28.f3 Bd3 29.Re1
Bc4 30.Bxc4 dxc4 31.Re8 Kg8 32.Rb8 Nd6 33.Bc5 {#r} 1-0

[Event "8th Pfalz Open 2017"]
[Site "masterchessopen.com Neustadt an der Weinstrasse GER"]
[Date "2017.02.24"]
[Round "1.14"]
[White "Martinez Rubi,A"]
[Black "Shevchenko,Kirill"]
[Result "0-1"]
[WhiteElo "2068"]
[BlackElo "2453"]

1.e4 c5 2.Nf3 d6 3.d4 cxd4 4.Nxd4 Nf6 5.Nc3 a6 6.Be3 e5 7.Nf3 Qc7 8.a4 Be7
9.a5 O-O 10.Be2 Be6 11.Ng5 Nc6 12.Bb6 Qd7 13.Bf3 Bd8 14.Qd2 Bxb6 15.axb6 Nd4
16.Ra4 Rac8 17.Rxd4 exd4 18.Qxd4 Rc4 19.Qd3 Rb4 20.b3 Rxb6 21.h3 Rc8 22.Bg4
Bxg4 23.hxg4 h6 24.Nd5 Nxd5 25.e5 hxg5 26.Qh7+ Kf8 27.Qh8+ Ke7 28.Qxg7 dxe5
29.Qxg5+ Nf6 30.Qe3 Qd4 {#R} 0-1

[Event "8th Pfalz Open 2017"]
[Site "masterchessopen.com Neustadt an der Weinstrasse GER"]
[Date "2017.02.24"]
[Round "1.17"]
[White "Azimi,R"]
[Black "Atalik,E"]
[Result "0-1"]
[WhiteElo "2057"]
[BlackElo "2435"]

1.Nf3 d5 2.d4 Nf6 3.c4 e6 4.Nc3 Nbd7 5.Bf4 dxc4 6.e3 Nb6 7.a4 Bb4 8.Qc2 Nbd5
9.Bg5 h6 10.Bxf6 Nxf6 11.Bxc4 O-O 12.O-O b6 13.Ne5 Bb7 14.Rad1 Qe7 15.f3 Bd6
16.Ba2 c5 17.Bb1 cxd4 18.exd4 Bxe5 19.dxe5 Qc5+ 20.Kh1 Qxe5 21.Rfe1 Qc5 22.Rd7
Bd5 23.Nxd5 exd5 24.Qf5 Rfe8 25.Rd1 Qc6 26.R7xd5 Qxd5 {#R} 0-1

[Event "8th Pfalz Open 2017"]
[Site "masterchessopen.com Neustadt an der Weinstrasse GER"]
[Date "2017.02.24"]
[Round "1.18"]
[White "Noe,C"]
[Black "Brunner,Jan"]
[Result "1-0"]
[WhiteElo "2429"]
[BlackElo "2057"]

1.d4 Nf6 2.c4 e6 3.Nf3 b6 4.a3 Bb7 5.Nc3 Be7 6.d5 exd5 7.cxd5 O-O 8.e4 d6
9.Be2 a5 10.O-O Nbd7 11.Re1 Nc5 12.Bb5 Nfd7 13.Nd4 Bf6 14.Be3 Re8 15.Qc2 Ba6
16.Bxa6 Nxa6 17.Nc6 Qc8 18.Bd4 Bxd4 19.Nxd4 Ndc5 20.Rab1 Qd7 21.b4 Nb7 22.Re3
h5 23.h3 Kh8 24.Qe2 g6 25.Qc4 Qe7 26.f4 Qf6 27.Rf1 Qg7 28.Ncb5 Re7 29.Nc6 Rd7
30.e5 dxe5 31.fxe5 Re8 32.e6 fxe6 33.dxe6 Rd2 34.e7 {#r} 1-0

[Event "8th Pfalz Open 2017"]
[Site "masterchessopen.com Neustadt an der Weinstrasse GER"]
[Date "2017.02.24"]
[Round "1.19"]
[White "Krastev,Alexander"]
[Black "Carow,J"]
[Result "1-0"]
[WhiteElo "2057"]
[BlackElo "2420"]

1.e4 c5 2.Nc3 a6 3.Nf3 e6 4.g3 b5 5.d4 cxd4 6.Nxd4 Bb7 7.Bg2 Nf6 8.O-O b4
9.Na4 Bxe4 10.Bxe4 Nxe4 11.Re1 Nc5 12.c4 Nxa4 13.Qxa4 Qb6 14.Nf5 Qc5 15.Qc2 g6
16.Ne3 Bg7 17.Qe4 Nc6 18.Nd5 f5 19.Qg2 O-O 20.Be3 Qxc4 21.Nb6 Qb5 22.Nxa8 Rxa8
23.Rad1 Rd8 24.Bf4 Bf6 25.Qf1 Qxf1+ 26.Kxf1 e5 27.Be3 d5 28.Rc1 Rd6 29.Bc5 Re6
30.Rcd1 e4 31.Rxd5 Bxb2 32.Red1 a5 33.Ke2 Kf7 34.Rd7+ Kf6 35.R1d6 Ne5 36.Ra7
Rxd6 37.Bxd6 Nc6 38.Ra6 Nd4+ 39.Kd1 Ke6 40.Bxb4+ Kd5 41.Bxa5 Kc4 42.Bd8 Nf3
43.Rc6+ Kd5 44.Rc2 Ba3 45.h4 Ne5 46.Ke2 Nd3 47.Bg5 Ne5 48.Rc7 h5 49.Rg7 {#r}
1-0

[Event "8th Pfalz Open 2017"]
[Site "masterchessopen.com Neustadt an der Weinstrasse GER"]
[Date "2017.02.24"]
[Round "1.20"]
[White "Yankelevich,L"]
[Black "Neurohr,J"]
[Result "1-0"]
[WhiteElo "2411"]
[BlackElo "2053"]

1.d4 Nf6 2.c4 g6 3.Nc3 Bg7 4.e4 d6 5.h3 O-O 6.Nf3 e5 7.d5 Na6 8.Be3 Kh8 9.g4
Ng8 10.Rg1 c6 11.h4 cxd5 12.cxd5 f5 13.gxf5 gxf5 14.Ng5 Nf6 15.exf5 Bxf5
16.Bd3 Qd7 17.Bxf5 Qxf5 18.Ne6 Rf7 19.Nxg7 Rxg7 20.Rxg7 Kxg7 21.Qb3 b6
22.O-O-O Nd7 23.Rg1+ Kh8 24.Rg5 Qd3 25.Qd1 Qxd1+ 26.Kxd1 Nc7 27.Ne4 Nxd5
28.Nxd6 Nxe3+ 29.fxe3 Rf8 30.Ke2 Rf6 31.Nc8 h6 32.Rg2 a5 33.Ne7 Kh7 34.Kd3 e4+
35.Kc4 Ne5+ 36.Kd5 Nf3 37.h5 Ng5 38.Rc2 Kg7 39.Rc7 Rf2 40.Ke5 Rxb2 41.Nf5+ Kf8
42.Rc8+ Kf7 43.Nxh6+ Ke7 44.Rc7+ Kd8 45.Rg7 Rb5+ 46.Kd6 Kc8 47.Ng8 Nf7+
48.Rxf7 Rxh5 49.a4 {#r} 1-0

[Event "8th Pfalz Open 2017"]
[Site "masterchessopen.com Neustadt an der Weinstrasse GER"]
[Date "2017.02.24"]
[Round "1.22"]
[White "Krause,Benedict"]
[Black "Boos,P"]
[Result "1-0"]
[WhiteElo "2407"]
[BlackElo "2039"]

1.e4 e6 2.d4 d5 3.Nc3 Bb4 4.e5 c5 5.Bd2 Nc6 6.Nb5 Bxd2+ 7.Qxd2 Nxd4 8.Nxd4
cxd4 9.f4 Ne7 10.Nf3 Nc6 11.O-O-O Bd7 12.Nxd4 Nxd4 13.Qxd4 Qa5 14.Kb1 O-O
15.h4 Rac8 16.h5 Qc5 17.c3 Qxd4 18.cxd4 Rc7 19.Bd3 Rfc8 20.g4 g6 21.Rdf1 Ba4
22.Rf2 a6 23.f5 Bb5 24.Bxb5 axb5 25.hxg6 fxg6 26.fxg6 h6 27.a3 Kg7 28.Rf6 Rc4
29.Rxe6 Rxd4 30.g5 Rh8 31.gxh6+ {#r} 1-0

[Event "8th Pfalz Open 2017"]
[Site "masterchessopen.com Neustadt an der Weinstrasse GER"]
[Date "2017.02.24"]
[Round "1.23"]
[White "Schweizer,Ma"]
[Black "Stark,L"]
[Result "0-1"]
[WhiteElo "2038"]
[BlackElo "2401"]

1.Nf3 Nf6 2.g3 b5 3.a4 b4 4.c3 e6 5.Bg2 Bb7 6.a5 Na6 7.O-O Be7 8.d3 O-O 9.e4
d5 10.e5 Nd7 11.Re1 c5 12.c4 Re8 13.h4 Nf8 14.h5 dxc4 15.dxc4 Qxd1 16.Rxd1
Rad8 17.Rxd8 Rxd8 18.Nbd2 Nd7 19.Bh3 Nab8 20.b3 Rc8 21.Bg2 Bd8 22.Bb2 Bc7
23.Ra2 a6 24.Ba1 h6 25.Kf1 Kf8 26.Ke2 Nc6 27.Ne4 Rd8 28.Rd2 Nxa5 29.Rxd7 Rxd7
30.Nxc5 Rd8 31.Nxb7 Nxb7 {#R} 0-1

[Event "8th Pfalz Open 2017"]
[Site "masterchessopen.com Neustadt an der Weinstrasse GER"]
[Date "2017.02.24"]
[Round "1.26"]
[White "Chernov,Va"]
[Black "Werner,Di"]
[Result "1-0"]
[WhiteElo "2391"]
[BlackElo "2035"]

1.e4 e6 2.d4 d5 3.Nd2 dxe4 4.Nxe4 Bd7 5.Nf3 Bc6 6.Bd3 Nd7 7.O-O Ngf6 8.Ng3 Be7
9.Qe2 Bxf3 10.Qxf3 c6 11.c3 O-O 12.Re1 Re8 13.Bf4 Qb6 14.b4 a5 15.a3 Bf8
16.Nf1 axb4 17.axb4 Rxa1 18.Rxa1 e5 19.dxe5 Nxe5 20.Bxe5 Rxe5 21.Ra8 Rd5
22.Bc4 Rd8 23.Ra5 Bxb4 24.cxb4 Qxb4 25.Rg5 h6 26.Qxf6 {#r} 1-0

[Event "8th Pfalz Open 2017"]
[Site "masterchessopen.com Neustadt an der Weinstrasse GER"]
[Date "2017.02.24"]
[Round "1.29"]
[White "Schramm,M"]
[Black "Nekrasov,M"]
[Result "0-1"]
[WhiteElo "2033"]
[BlackElo "2374"]

1.c4 e6 2.Nc3 d5 3.d4 Bb4 4.e3 c5 5.Nf3 Nf6 6.a3 Bxc3+ 7.bxc3 Nc6 8.Bd3 O-O
9.O-O dxc4 10.Bxc4 Qc7 11.Be2 e5 12.Bb2 Bg4 13.Rc1 Rad8 14.h3 Bh5 15.Re1 Rfe8
16.Qa4 a6 17.Qc4 b5 18.Qa2 e4 19.Nh2 Bxe2 20.Rxe2 c4 21.a4 Na5 22.Ba3 Nb3
23.Rcc2 Nd5 24.axb5 axb5 25.Qb1 Ra8 26.Bb2 Ra6 27.Nf1 Rea8 28.Re1 f5 29.Nd2
Ra2 30.Nxb3 cxb3 31.Rcc1 Qc4 32.f3 Rxb2 33.Qxb2 Ra2 34.Qb1 Nxc3 35.Rxc3 Qxc3
36.Kh1 Qc2 37.Rg1 exf3 38.d5 fxg2+ 39.Kh2 Qc7+ {#R} 0-1

[Event "8th Pfalz Open 2017"]
[Site "masterchessopen.com Neustadt an der Weinstrasse GER"]
[Date "2017.02.24"]
[Round "1.30"]
[White "Osmanodja,F"]
[Black "Suvorov,Luca"]
[Result "1-0"]
[WhiteElo "2365"]
[BlackElo "2029"]

1.e4 c6 2.d4 d5 3.Nc3 dxe4 4.Nxe4 Bf5 5.Ng3 Bg6 6.h4 h6 7.Nf3 Nd7 8.h5 Bh7
9.Bd3 Bxd3 10.Qxd3 e6 11.Bd2 Ngf6 12.O-O-O Be7 13.Ne4 Nxe4 14.Qxe4 Nf6 15.Qd3
O-O 16.g4 Nxg4 17.Rhg1 f5 18.Qe2 Kh7 19.Qxe6 Qd6 20.Qe2 Rae8 21.Rg2 Qd5 22.c4
Qf7 23.Ne5 Nxe5 24.dxe5 f4 25.Rdg1 Bg5 26.Rxg5 hxg5 27.Rxg5 b5 28.Qd3+ Kh8
29.h6 gxh6 30.e6 Qf6 31.Rg6 {#r} 1-0

[Event "ch-CHI 2017"]
[Site "masterchessopen.com Santiago CHI"]
[Date "2017.02.24"]
[Round "7.1"]
[White "Henriquez Villagra,C"]
[Black "Gutierrez Montes,Sebastian"]
[Result "1-0"]
[WhiteElo "2538"]
[BlackElo "2166"]

1.e4 c5 2.Nf3 d6 3.Bb5+ Nd7 4.O-O a6 5.Bd3 Ngf6 6.c3 b5 7.Bc2 e5 8.d4 Be7
9.Qe2 O-O 10.d5 Re8 11.a4 Rb8 12.axb5 axb5 13.b4 c4 14.Be3 Ng4 15.Bd2 Nf8
16.h3 Nf6 17.Be3 Bd7 18.Nbd2 Ra8 19.Kh2 Ng6 20.g3 Qc7 21.Ng1 Qb7 22.f4 exf4
23.gxf4 Rxa1 24.Rxa1 Ra8 25.Rf1 Bf8 26.Bd4 Re8 27.Qg2 Be7 28.f5 Ne5 29.Ngf3
Bf8 30.Rg1 Qc7 31.Qg5 Kh8 32.Nxe5 dxe5 33.Bc5 h6 34.Qg2 Nh5 35.Bxf8 Rxf8
36.Bd1 {#r} 1-0

[Event "ch-CHI 2017"]
[Site "masterchessopen.com Santiago CHI"]
[Date "2017.02.24"]
[Round "7.2"]
[White "Aguirre Contreras,Cristian"]
[Black "Perez Gormaz,M"]
[Result "1-0"]
[WhiteElo "2254"]
[BlackElo "2407"]

1.e4 c5 2.c3 Nf6 3.e5 Nd5 4.d4 cxd4 5.Nf3 d6 6.cxd4 Nc6 7.Bc4 dxe5 8.dxe5 Nb6
9.Qxd8+ Nxd8 10.Bb3 Be6 11.Nbd2 g6 12.Nd4 Bxb3 13.N2xb3 Bg7 14.f4 Rc8 15.Bd2
O-O 16.O-O Nc6 17.Rac1 Nxd4 18.Nxd4 Nc4 19.Bc3 Rfd8 20.Kf2 e6 21.Rfd1 Bf8
22.Nb3 Rxd1 23.Rxd1 Nb6 24.Bd4 Nd5 25.Kf3 b6 26.Rc1 Rxc1 27.Nxc1 Nxf4 28.Kxf4
Bh6+ 29.Ke4 Bxc1 30.Kd3 Kf8 31.Kc4 Ke8 32.Kb5 Kd7 33.Ka6 Kc6 34.Kxa7 b5 35.a3
Kd5 36.Bc3 Be3+ 37.Ka6 Kc4 38.Kb7 Bc5 39.Kc6 Bf8 40.Be1 Bc5 41.b3+ Kxb3
42.Kxc5 Kxa3 43.Kxb5 Kb3 44.Kc5 Kc2 45.Kd6 {#r} 1-0

[Event "ch-CHI 2017"]
[Site "masterchessopen.com Santiago CHI"]
[Date "2017.02.24"]
[Round "7.3"]
[White "Valenzuela Fuentealba,L"]
[Black "Olivares Olivares,C"]
[Result "1-0"]
[WhiteElo "2443"]
[BlackElo "2320"]

1.d4 Nf6 2.Nf3 g6 3.g3 Bg7 4.Bg2 O-O 5.c4 d6 6.O-O Nbd7 7.Nc3 e5 8.e4 exd4
9.Nxd4 a6 10.h3 Rb8 11.Bf4 Nh5 12.Be3 Ne5 13.b3 c5 14.Nde2 b5 15.f4 Nc6 16.e5
Nd4 17.g4 b4 18.Ne4 f5 19.exf6 Nxe2+ 20.Qxe2 Nxf6 21.Rad1 Nxe4 22.Bxe4 Qe7
23.Qf3 Kh8 24.Bc6 Be6 25.Kg2 Rbd8 26.Rde1 Bc3 27.Re2 Qf6 28.Bd2 Bd4 29.Rfe1
Bg8 30.Bd5 Bxd5 31.Qxd5 Qh4 32.Qf3 Rf7 33.Re6 Rdf8 34.Rf1 Qd8 35.Qe4 a5 36.Be3
Bc3 37.Rd1 Rf6 38.Rxf6 Qxf6 39.g5 Qf7 40.Rxd6 Re8 41.Qd3 Qe7 42.Kf3 Kg8 43.Rd7
Qf8 44.Qd5+ Kh8 45.Bxc5 {#r} 1-0

[Event "ch-CHI 2017"]
[Site "masterchessopen.com Santiago CHI"]
[Date "2017.02.24"]
[Round "7.5"]
[White "Valenzuela Gomez,F"]
[Black "Sanchez Sandoval,Gonzalo"]
[Result "1-0"]
[WhiteElo "2359"]
[BlackElo "2256"]

1.d4 Nf6 2.c4 g6 3.Nc3 Bg7 4.e4 d6 5.Nf3 O-O 6.Be2 e5 7.O-O Na6 8.Be3 Ng4
9.Bg5 Qe8 10.Re1 exd4 11.Nd5 f6 12.Bf4 d3 13.Bxd3 Ne5 14.Bxe5 dxe5 15.c5 Qf7
16.Bxa6 bxa6 17.Qa4 Rb8 18.b3 Rb5 19.Rac1 c6 20.Nc3 Bh6 21.Rcd1 Rb7 22.Rd6 Bg4
23.Qxc6 Rc7 24.Qd5 Rfc8 25.b4 Bxf3 26.gxf3 a5 27.Rxf6 Qxd5 28.Nxd5 Rb7 29.c6
Rf7 30.Rxf7 Kxf7 31.b5 Ke6 32.Rd1 Bf8 33.Rc1 Kd6 34.c7 {#r} 1-0

[Event "ch-CHI 2017"]
[Site "masterchessopen.com Santiago CHI"]
[Date "2017.02.24"]
[Round "7.6"]
[White "Salinas Herrera,P"]
[Black "Hurtado Bahamonde,R"]
[Result "1-0"]
[WhiteElo "2464"]
[BlackElo "2167"]

1.d4 c5 2.d5 e5 3.e4 d6 4.Nc3 Nf6 5.Bb5+ Nbd7 6.a4 a6 7.Be2 b6 8.Nf3 Be7 9.O-O
Nf8 10.Nd2 Ng6 11.Nc4 Rb8 12.Ne3 Nf4 13.Bc4 O-O 14.f3 Ne8 15.g3 Ng6 16.Qe2 Nc7
17.Bd3 Bg5 18.Ncd1 b5 19.b3 Bh3 20.Re1 Bd7 21.Bd2 Ne7 22.Ba5 f5 23.exf5 Nxf5
24.Nxf5 Bxf5 25.Bxf5 Rxf5 26.axb5 axb5 27.Nc3 c4 28.Ne4 Be7 29.bxc4 bxc4
30.Qxc4 Rc8 31.Ra3 Qd7 32.Rc3 Bd8 33.Qc6 {#r} 1-0

[Event "ch-CHI 2017"]
[Site "masterchessopen.com Santiago CHI"]
[Date "2017.02.24"]
[Round "8.3"]
[White "Vergara Jofre,Felipe"]
[Black "Valenzuela Gomez,F"]
[Result "0-1"]
[WhiteElo "2309"]
[BlackElo "2359"]

1.e4 g6 2.d4 Bg7 3.Nc3 d6 4.g3 Nc6 5.d5 Ne5 6.Be2 c6 7.Be3 Nf6 8.Qd2 cxd5
9.exd5 Bf5 10.f3 Rc8 11.g4 Bd7 12.h4 h6 13.Nh3 Qa5 14.Nf4 Nc4 15.Bxc4 Rxc4
16.Rd1 b5 17.a3 Qc7 18.Nfe2 Qb7 19.b3 Rc7 20.Bd4 O-O 21.Ng3 e5 22.Be3 Rfc8
23.Nge2 e4 24.fxe4 Bxg4 25.Bxh6 Bxh6 26.Qxh6 Rxc3 27.Nxc3 Rxc3 28.h5 Qe7
29.Rd4 Nxh5 30.Rg1 Qf6 31.Rxg4 Qxd4 32.Qxh5 Re3+ 33.Kf1 Qd1+ 34.Kg2 Qd2+
35.Kh1 Re1+ 36.Rg1 Rxg1+ {#R} 0-1

[Event "ch-CHI 2017"]
[Site "masterchessopen.com Santiago CHI"]
[Date "2017.02.24"]
[Round "8.4"]
[White "Olivares Olivares,C"]
[Black "Hernandez Riera,J"]
[Result "0-1"]
[WhiteElo "2320"]
[BlackElo "2204"]

1.e4 d5 2.exd5 Nf6 3.d4 Bg4 4.f3 Bf5 5.Bb5+ Nbd7 6.c4 a6 7.Bxd7+ Qxd7 8.Ne2 b5
9.b3 e6 10.dxe6 Bb4+ 11.Bd2 Bxd2+ 12.Qxd2 Qxe6 13.O-O O-O 14.cxb5 axb5 15.Nbc3
Rfe8 16.Ng3 Qd7 17.Rfd1 Bg6 18.d5 Rad8 19.Qf4 Qe7 20.b4 Rd7 21.Rd2 Red8
22.Rad1 h6 23.a3 Bh7 24.Nf1 Rd6 25.Re2 Qd7 26.Rde1 g5 27.Qc1 Nxd5 28.Nxd5 Rxd5
29.Re7 Qd6 30.Qc3 Qb6+ 31.Kh1 Qd4 32.Qc6 Bg6 33.h3 R5d7 34.R7e5 Qd6 35.Qc1 Qf6
36.Nh2 Qxe5 {#R} 0-1

[Event "ch-CHI 2017"]
[Site "masterchessopen.com Santiago CHI"]
[Date "2017.02.24"]
[Round "8.5"]
[White "Perez Gormaz,M"]
[Black "Valenzuela Fuentealba,L"]
[Result "0-1"]
[WhiteElo "2407"]
[BlackElo "2443"]

1.e4 c5 2.Nf3 e6 3.d4 cxd4 4.Nxd4 a6 5.Qf3 b5 6.e5 Qc7 7.Bf4 Bb7 8.Qg3 Ne7
9.Bd3 Ng6 10.Bxg6 hxg6 11.O-O Nc6 12.Nxc6 Qxc6 13.Nd2 g5 14.Bxg5 Qxc2 15.Rac1
Qg6 16.Rc7 Bd5 17.Rfc1 f6 18.exf6 gxf6 19.Bh4 Qxg3 20.hxg3 f5 21.Nf3 Bd6
22.Bf6 Rf8 23.Rc8+ Rxc8 24.Rxc8+ Kf7 25.Rxf8+ Bxf8 26.Bc3 Bxa2 27.b4 Ke7 28.g4
fxg4 29.Ne5 Kd6 30.g3 Bb1 31.Nxg4 Kd5 32.Ne3+ Ke4 33.Kf1 Kd3 34.Be1 Bg7 35.g4
Ke4 36.Ke2 Bd3+ 37.Kd2 Bc4 {#R} 0-1

[Event "ch-CHI 2017"]
[Site "masterchessopen.com Santiago CHI"]
[Date "2017.02.24"]
[Round "8.6"]
[White "Henriquez Villagra,C"]
[Black "Aguirre Contreras,Cristian"]
[Result "1-0"]
[WhiteElo "2538"]
[BlackElo "2254"]

1.d4 Nf6 2.Nf3 e6 3.Bf4 b6 4.e3 Bb7 5.Nbd2 Be7 6.h3 c5 7.Bd3 d6 8.O-O a6 9.c3
Nbd7 10.e4 Qc7 11.Bh2 b5 12.e5 dxe5 13.dxe5 Nd5 14.c4 Nb4 15.Be2 Qb6 16.Qb3
Rb8 17.Rfd1 Ba8 18.a3 Nc6 19.Qe3 O-O 20.Ne4 Rfd8 21.cxb5 axb5 22.Qf4 h6 23.Bd3
Nd4 24.Nxd4 cxd4 25.b4 Rbc8 26.Qg4 Qc6 27.Bf4 Kf8 28.h4 Qd5 29.Qg3 Nb6 30.f3
Nd7 31.Re1 Bc6 32.Nf2 Qb3 33.Bh7 Ke8 34.Qxg7 Bf8 35.Qg8 Ra8 36.Bxh6 Rxa3
37.Rxa3 Qxa3 38.Bg6 {#r} 1-0

[Event "Aeroflot Open A 2017"]
[Site "masterchessopen.com Moscow RUS"]
[Date "2017.02.25"]
[Round "5.1"]
[White "Najer,E"]
[Black "Jobava,Ba"]
[Result "1-0"]
[WhiteElo "2659"]
[BlackElo "2701"]

1.e4 d6 2.d4 Nf6 3.Nc3 e5 4.Nf3 Nbd7 5.Bc4 Be7 6.O-O O-O 7.a4 a5 8.Qe2 c6
9.Rd1 Qc7 10.Ba2 Nb8 11.h3 Na6 12.Be3 Nd7 13.Re1 exd4 14.Bxd4 Ndc5 15.Bc4 Re8
16.Rad1 h6 17.Nd2 Bf8 18.Qh5 Nb4 19.Bxc5 dxc5 20.Rc1 Be6 21.Bxe6 Rxe6 22.Nc4
Rd8 23.Qg4 Be7 24.f4 Rd4 25.b3 Rg6 26.Qf3 Bh4 27.Re3 Rg3 28.Qf2 Rxh3 29.g3 Qc8
30.Kg2 Bd8 31.Ne2 Rh5 32.Nxd4 cxd4 33.Ree1 b5 34.Ne5 bxa4 35.Qxd4 axb3 36.cxb3
Qh3+ 37.Kf3 Bh4 38.Rg1 Bf6 39.Rh1 Qxh1+ 40.Rxh1 Rxh1 41.Qd6 Bxe5 42.Qxe5 Nd3
43.Qe8+ Kh7 44.Kg2 {#r} 1-0

[Event "Aeroflot Open A 2017"]
[Site "masterchessopen.com Moscow RUS"]
[Date "2017.02.25"]
[Round "5.2"]
[White "Inarkiev,E"]
[Black "Cordova,E"]
[Result "1-0"]
[WhiteElo "2723"]
[BlackElo "2655"]

1.e4 e6 2.d4 d5 3.Nc3 dxe4 4.Nxe4 Nd7 5.Nf3 Ngf6 6.Bg5 h6 7.Nxf6+ Nxf6 8.Be3
Bd6 9.Bd3 b6 10.Ne5 O-O 11.Qe2 Bb7 12.O-O-O c5 13.f4 Qc7 14.Rhe1 Rfd8 15.dxc5
Bxc5 16.Bxc5 Qxc5 17.g4 Qb4 18.Rf1 Nd5 19.c4 Qc5 20.g5 Qe3+ 21.Rd2 Qxe2
22.Rxe2 Nb4 23.Bb1 Rac8 24.gxh6 gxh6 25.f5 exf5 26.Rg1+ Kf8 27.Bxf5 Nxa2+
28.Kb1 Nb4 29.Bh7 f5 30.Rg8+ Ke7 31.Nc6+ {#r} 1-0

[Event "Aeroflot Open A 2017"]
[Site "masterchessopen.com Moscow RUS"]
[Date "2017.02.25"]
[Round "5.8"]
[White "Narayanan,Sri"]
[Black "Fedoseev,Vl3"]
[Result "0-1"]
[WhiteElo "2474"]
[BlackElo "2658"]

1.e4 c6 2.Nc3 d5 3.Nf3 Nf6 4.e5 Ne4 5.Ne2 Qb6 6.d4 e6 7.Ng3 c5 8.c3 Nc6 9.Bd3
Nxg3 10.hxg3 cxd4 11.cxd4 Bd7 12.Kf1 Be7 13.a3 Na5 14.Rb1 Bb5 15.b3 Rc8 16.a4
Bxd3+ 17.Qxd3 h6 18.Bd2 Bb4 19.Qb5+ Qxb5+ 20.axb5 Bxd2 21.Nxd2 Kd7 22.Ke2 Kc7
23.b4 Nc4 24.Nxc4 dxc4 25.Kd2 Kb6 26.Kc3 Rhd8 27.f4 Rd5 28.f5 exf5 29.Rbf1
Rcd8 30.Rxf5 Rxd4 31.Rh4 R4d7 32.Rhf4 Rc8 33.Rxc4 Rdc7 34.Rxc7 Rxc7+ 35.Kb3 g6
36.Rf6+ Kxb5 37.e6 fxe6 38.Rxe6 Rc6 39.Re7 Kb6 40.g4 g5 41.Rh7 a6 42.Ka4 Ka7
43.b5 Rc4+ 44.Ka5 Rc5 45.Rxh6 Rxb5+ 46.Ka4 Rd5 47.g3 Rd4+ 48.Ka5 b6+ {#R} 0-1

[Event "Aeroflot Open A 2017"]
[Site "masterchessopen.com Moscow RUS"]
[Date "2017.02.25"]
[Round "5.9"]
[White "Buhmann,R"]
[Black "Vitiugov,N"]
[Result "0-1"]
[WhiteElo "2625"]
[BlackElo "2724"]

1.Nf3 d6 2.d4 Nf6 3.c4 g6 4.Nc3 Bf5 5.Nh4 Bd7 6.Nf3 Bg7 7.e4 O-O 8.Be2 c5 9.d5
e6 10.O-O exd5 11.exd5 Re8 12.h3 Na6 13.a3 Nc7 14.Rb1 Rb8 15.Bf4 b5 16.cxb5
Nxb5 17.Bxb5 Bxb5 18.Nxb5 Rxb5 19.Qd3 a6 20.b3 Qa8 21.Bxd6 Nxd5 22.Qc4 Nb6
23.Qc2 Qc6 24.a4 Nxa4 25.bxa4 Rxb1 26.Rxb1 Qxd6 27.Qc4 Bd4 28.Rb7 Qf4 29.Kf1
Re1+ 30.Kxe1 Bxf2+ {#R} 0-1

[Event "Aeroflot Open A 2017"]
[Site "masterchessopen.com Moscow RUS"]
[Date "2017.02.25"]
[Round "5.14"]
[White "Gupta,Ab"]
[Black "Moskalenko,A"]
[Result "1-0"]
[WhiteElo "2645"]
[BlackElo "2488"]

1.d4 d5 2.c4 c6 3.Nf3 Nf6 4.Nc3 a6 5.a4 Bf5 6.a5 e6 7.Qb3 Qc8 8.Nh4 Bg6 9.Nxg6
hxg6 10.g3 Bd6 11.Bg2 Nbd7 12.O-O Rb8 13.Bg5 Nh7 14.Bd2 b5 15.cxd5 cxd5 16.e4
Qc4 17.Qxc4 dxc4 18.e5 Bb4 19.Rfd1 O-O 20.Nd5 Bxd2 21.Ne7+ Kh8 22.Rxd2 Rbe8
23.Nc6 Nb8 24.Nb4 Re7 25.h4 f6 26.Re1 Rd8 27.f4 fxe5 28.Rxe5 Nf8 29.d5 Red7
30.Rde2 exd5 31.Bxd5 Kh7 32.h5 gxh5 33.Rxh5+ Kg6 34.Ree5 Rc7 35.Be4+ Kf7
36.Rhf5+ Kg8 37.Nd5 Rcd7 38.Ne7+ Rxe7 39.Rxe7 Rd1+ 40.Kf2 Nbd7 41.Ke2 {#r} 1-0